000 00484nam a2200181Ia 4500
001 25400
005 20260414151147.0
008 260414t2013||||xx |||||||||||||| ||spa||
041 _aESP
082 _a346.5
_bN59
100 _aNinamancco Córdova, Fort
_eAUT
245 0 _aPoderes de representación :
_baspectos doctrinarios y casuística jurisprudencial
260 _c2013
300 _a207 páginas :
_c24 cm.
650 _aDER
654 _aCDE
942 _cLIB
_dJUS
_fJUS
_2ddc
_n
999 _c25400
_d25400